000 00943 a2200253 4500
003 Nust
005 20170207154047.0
010 _a 94005168
020 _a0415104874 (v. 1)
020 _a0415110866 (v. 2)
020 _a0415110866 (v. 3)
040 _cNust
082 0 0 _a192 s
_a016.192
100 1 _aBlackwell, Kenneth.
245 1 2 _aA bibliography of Bertrand Russell(E-BOOK)
_cby Kenneth Blackwell and Harry Ruja ; with the assistance of Bernd Frohmann, John G. Slater, and Sheila Turcon.
260 _aLondon ;
_aNew York :
_bRoutledge,
_c1994.
300 _a3 v. :
_bill. ;
_c24 cm.
490 1 _aThe collected papers of Bertrand Russell. Bibliography ;
_vv. 1-3
505 0 _av. 1. Separate publications, 1896-1990 -- v. 2. Serial publications, 1890-1990 -- v. 3. Indexes.
600 1 0 _aRussell, Bertrand,
_d1872-1970
_xBibliography.
651 _aE-BOOK
700 1 _aRuja, Harry,
_d1912-
800 1 _aRussell, Bertrand,
_d1872-1970.
942 _2ddc
_cBK
999 _c192946
_d192946